Score 0/74 Timer 05:00
0 Plays Today
% Correct
Ha,
97.4%
ha,
97.4%
ha,
97.4%
ha.
97.4%
yeah
97.3%
a
92.6%
a
92.3%
I
91.1%
I
91.1%
I
91.1%
I
91.1%
and
89.4%
And
89.4%
and
89.4%
to
88.9%
eggs.
88.8%
eggs.
88.8%
the
88.5%
to
88.5%
eggs
88.3%
the
88%
scrambled
87.8%
scrambled
87.8%
Scrambled
87.4%
Tossed
79.8%
tossed
79.8%
you!
74.7%
you
74.7%
you!
74.2%
do
73.1%
a-calling.
72.7%
do?
72.1%
calling
71.3%
what
71.1%
hear
71.1%
What
70.6%
salads
69.1%
% Correct
salads
69.1%
know
67.5%
baby,
66.6%
with
66%
don't
66%
those
61.6%
again.
61.5%
blues
61.1%
is
60.6%
We
60.3%
but
59.9%
But
59.9%
They're
56.8%
got
54.9%
my
54.3%
Seattle / Everybody!
51.8%
love
51.4%
Hey
51.3%
Good
50.7%
night,
49.3%
all
48.7%
boy
47.3%
pegged.
47.3%
confused,
46.9%
bit
46.4%
over
45.9%
seem
45.2%
maybe
44.2%
maybe,
44.2%
face.
42.8%
Thank
33.5%
Quite (or Mercy!)
29.8%
Stylish! (or Mercy!)
29.6%
has
29.5%
Frasier
28.7%
left
26.5%
building.
26.2%
Remove Ads.
Support Sporcle.
Get the best of Sporcle when you Go Orange. This ad-free experience offers more features, more stats, and more fun while also helping to support Sporcle. Thank you for becoming a member.

You're not logged in!

Compare scores with friends on all Sporcle quizzes.
OR
Log In

Show Comments

Extras

Top Quizzes Today


Score Distribution

Your Account Isn't Verified!

In order to create a playlist on Sporcle, you need to verify the email address you used during registration. Go to your Sporcle Settings to finish the process.

Report this User

Report this user for behavior that violates our Community Guidelines.

Details: